Most Streamed Artists on Spotify by Letter - Statistics

General Stats
  • This quiz has been taken 670 times
  • The average score is 16 of 26
Answer Stats
Letter Answer Most Streamed Song % Correct
E Ed Sheeran Shape of You
97%
Q Queen Bohemian Rhapsody
94%
A Ariana Grande 7 rings
83%
D Drake One Dance
82%
H Harry Styles As It Was
82%
T Taylor Swift Cruel Summer
81%
J Justin Bieber Love Yourself
79%
R Rihanna We Found Love
78%
N Nicki Minaj Starships
76%
I Imagine Dragons Believer
75%
L Lana Del Rey Summertime Sadness
75%
U USHER Yeah!
73%
M Maroon 5 Payphone
71%
P Post Malone Sunflower
71%
W Wiz Khalifa See You Again
69%
X XXXTENTACION SAD!
63%
C Coldplay Something Just Like This
62%
S SZA Kill Bill
60%
B Bad Bunny DÁKITI
56%
F Future Mask Off
56%
K Kanye West Heartless
56%
G Gunna fukumean
31%
Z Zach Bryan Something in the Orange
19%
Y Young Thug The London
14%
O Ozuna Hey Mor
9%
V Vishal-Shekhar Dil Diyan Gallan
2%
No matching quizzes found
Score Distribution
Percent of People with Each Score
Percentile by Number Answered
Your Score History
You have not taken this quiz